Every Former Name of MLB Teams - Statistics

General Stats
  • This quiz has been taken 36 times
  • The average score is 23 of 57
Answer Stats
Current Team Tenure Answer % Correct
Cleveland Guardians 1915-2021 Cleveland {Indians}
100%
Athletics 1968-2024 {Oakland} Athletics
100%
Miami Marlins 1993-2011 {Florida} Marlins
94%
Athletics 1901-1954 {Philadelphia} Athletics
91%
Los Angeles Angels 1997-2004 {Anaheim} Angels
88%
Los Angeles Dodgers 1932-1957 {Brooklyn} Dodgers
88%
Los Angeles Angels 2005-2015 Los Angeles Angels {of Anaheim}
88%
Tampa Bay Rays 1998-2007 Tampa Bay {Devil Rays}
88%
Los Angeles Angels 1965-1996 {California} Angels
81%
Washington Nationals 1969-2004 Montréal Expos
81%
San Francisco Giants 1885-1957 {New York} Giants
81%
Atlanta Braves 1941-1952 {Boston} Braves
78%
Athletics 1955-1967 {Kansas City} Athletics
78%
Atlanta Braves 1953-1965 {Milwaukee} Braves
78%
Houston Astros 1962-1964 Houston {Colt .45s}
69%
Milwaukee Brewers 1969 Seattle Pilots
66%
Texas Rangers 1961-1971 Washington Senators
66%
Baltimore Orioles 1902-1953 St. Louis Browns
59%
Cincinnati Reds 1881-1889 Cincinnati {Red Stockings}
56%
Minnesota Twins 1901-1960 Washington Senators
56%
Chicago White Sox 1900-1903 Chicago {White Stockings}
50%
Cleveland Guardians 1903-1914 Cleveland {Naps}
47%
Cincinnati Reds 1953-1958 Cincinnati {Redlegs}
38%
New York Yankees 1903-1912 New York {Highlanders}
38%
Boston Red Sox 1901-1907 Boston {Americans}
34%
Atlanta Braves 1936-1940 Boston Bees
28%
St. Louis Cardinals 1883-1898 St. Louis {Browns}
28%
Atlanta Braves 1883-1906 Boston Beaneaters
25%
Los Angeles Dodgers 1914-1931 Brooklyn Robins
25%
San Francisco Giants 1883-1884 New York Gothams
25%
Chicago Cubs 1871-1889 Chicago {White Stockings}
22%
Chicago Cubs 1898-1902 Chicago {Orphans}
19%
Baltimore Orioles 1894-1901 Milwaukee Brewers
19%
Los Angeles Dodgers 1899-1910 Brooklyn Superbas
16%
Los Angeles Dodgers 1911-1912 Brooklyn Trolley Dodgers
16%
Cleveland Guardians 1900 Cleveland {Lakeshores}
16%
Philadelphia Phillies 1883-1889 Philadelphia {Quakers}
16%
St. Louis Cardinals 1899 St. Louis {Perfectos}
16%
Atlanta Braves 1907-1910 Boston Doves
13%
Atlanta Braves 1876-1882 Boston Red Caps
13%
Atlanta Braves 1871-1875 Boston Red Stockings
13%
Atlanta Braves 1911 Boston Rustlers
13%
Los Angeles Dodgers 1888-1890, 1896-1898 Brooklyn Bridegrooms
13%
Chicago Cubs 1890-1897 Chicago {Colts}
13%
Cleveland Guardians 1901 Cleveland {Bluebirds}
13%
Cleveland Guardians 1902 Cleveland {Bronchos}
13%
Minnesota Twins 1894-1900 Kansas City Blues
13%
Philadelphia Phillies 1942 Philadelphia {Phils}
13%
St. Louis Cardinals 1882 St. Louis {Brown Stockings}
13%
Chicago White Sox 1895-1899 St. Paul Saints
13%
Los Angeles Dodgers 1884 Brooklyn Atlantics
9%
Los Angeles Dodgers 1883, 1885-1887 Brooklyn Grays
9%
Los Angeles Dodgers 1891-1895 Brooklyn Grooms
9%
Cleveland Guardians 1896-1899 Columbus Buckeyes
9%
Cleveland Guardians 1899 Grand Rapids Prodigals
9%
Pittsburgh Pirates 1887-1891 Pittsburg {Alleghenys}
9%
Chicago White Sox 1894 Sioux City Cornhuskers
9%
No matching quizzes found
Score Distribution
Percent of People with Each Score
Percentile by Number Answered
Your Score History
You have not taken this quiz